[Event "World Youth U16 Olympiad"]
[Site "Gyor HUN"]
[Date "2014.12.18"]
[Round "6.18"]
[Board "3"]
[White "Isakzhanov, Aibek"]
[Black "Loh, Zachary"]
[Result "0-1"]
[WhiteElo "1785"]
[BlackElo "2075"]
[WhiteTeam "Kyrgyzstan"]
[BlackTeam "Australia"]
[WhiteFideId "13802542"]
[BlackFideId "3210383"]
[EventDate "2014.12.13"]

1. e4 e6 2. d4 d5 3. Nd2 Be7 4. Ngf3 Nf6 5. e5 Nfd7 6. Bd3 c5 7. c3 Nc6 8. O-O
g5 9. g4 h5 10. h3 hxg4 11. hxg4 Qb6 12. dxc5 Nxc5 13. Bc2 Qc7 14. Re1 b6 15. b4
Nd7 16. Ba4 Bb7 17. Nb3 d4 18. Bxc6 Qxc6 19. Nbxd4 Qxc3 20. Be3 Nxe5 21. Kf1
Nxf3 22. Nxf3 Qc4+ 23. Qe2 Bxf3 0-1

[Event "World Youth U16 Olympiad"]
[Site "Gyor HUN"]
[Date "2014.12.18"]
[Round "6.19"]
[Board "1"]
[White "Karas, Marek"]
[Black "Holtman, Teodor"]
[Result "1/2-1/2"]
[WhiteElo "2170"]
[BlackElo "2058"]
[WhiteTeam "Slovakia West"]
[BlackTeam "Slovakia East"]
[WhiteFideId "14928558"]
[BlackFideId "14933721"]
[EventDate "2014.12.13"]

1. Nf3 c5 2. b3 Nf6 3. Bb2 g6 4. e4 Bg7 5. e5 Nd5 6. c4 Nc7 7. d4 cxd4 8. Qxd4
Nc6 9. Qd2 Ne6 10. g3 Qc7 11. Qe2 O-O 12. Bg2 d6 13. exd6 Qxd6 14. O-O Ned4 15.
Nxd4 Nxd4 16. Qd2 Bf5 17. Bxb7 Rad8 18. Bd5 Nf3+ 19. Bxf3 Qxd2 20. Nxd2 Bxb2 21.
Ne4 Bxa1 22. Rxa1 Rd3 23. Kg2 Bh3+ 24. Kxh3 Rxf3 25. Kg2 Rd3 26. Rc1 f5 27. Nc3
Rd2 28. c5 Rc8 29. b4 Kf7 30. a3 Rb2 31. Nd1 Rb3 32. Rc3 Rxc3 33. Nxc3 Ke6 34.
Kf3 a5 35. Ke3 axb4 1/2-1/2

[Event "World Youth U16 Olympiad"]
[Site "Gyor HUN"]
[Date "2014.12.18"]
[Round "6.19"]
[Board "2"]
[White "Kravec, Patrik"]
[Black "Kavon, Rastislav"]
[Result "1/2-1/2"]
[WhiteElo "1976"]
[BlackElo "2153"]
[WhiteTeam "Slovakia East"]
[BlackTeam "Slovakia West"]
[WhiteFideId "14923505"]
[BlackFideId "14925648"]
[EventDate "2014.12.13"]

1. e4 e5 2. Nf3 Nc6 3. d4 exd4 4. Nxd4 Bc5 5. Nb3 Bb6 6. Nc3 d6 7. Qe2 Be6 8.
Be3 Qe7 9. O-O-O O-O-O 10. Bxb6 axb6 11. Nd4 Nxd4 12. Rxd4 Nf6 13. g3 Bd7 14.
Bg2 Bc6 15. Re1 Rhe8 16. f4 Nd7 17. Nd5 Bxd5 18. Rxd5 f6 19. Qc4 Kb8 20. Re3 Qe6
21. Rc3 c6 22. Rd1 Qxc4 23. Rxc4 Kc7 24. Rcd4 Nc5 25. a3 b5 26. b4 Na4 27. c4
bxc4 28. Rxc4 Nb6 29. Rc2 Re7 30. Kb2 Rde8 31. Kb3 Ra8 32. Rcd2 Rd7 33. Bh3 Re7
34. Bg2 Rd7 1/2-1/2

[Event "World Youth U16 Olympiad"]
[Site "Gyor HUN"]
[Date "2014.12.18"]
[Round "6.19"]
[Board "3"]
[White "Puskar, Peter"]
[Black "Sepesi, Samuel"]
[Result "0-1"]
[WhiteElo "2051"]
[BlackElo "1925"]
[WhiteTeam "Slovakia West"]
[BlackTeam "Slovakia East"]
[WhiteFideId "14925842"]
[BlackFideId "14923084"]
[EventDate "2014.12.13"]

1. d4 Nf6 2. Nf3 g6 3. c4 c5 4. d5 b5 5. cxb5 a6 6. bxa6 Bxa6 7. Nc3 Bg7 8. g3
d6 9. Bg2 Nbd7 10. Rb1 Qa5 11. O-O Nb6 12. Nd2 Nc4 13. Nxc4 Bxc4 14. Qc2 Nd7 15.
Bd2 O-O 16. b3 Ba6 17. a4 Rfb8 18. Na2 Qc7 19. Rfe1 Ra7 20. b4 Rba8 21. b5 Bb7
22. Nb4 Nb6 23. Na6 Qd7 24. e4 Nxa4 25. Qxa4 Bxa6 26. Qxa6 Rxa6 27. bxa6 Qa4 28.
Bf1 c4 29. Rec1 Qxa6 30. Bxc4 Qa3 31. Be3 h5 32. Bf1 Bf6 33. h4 Kg7 34. Rc4 Qa2
35. Rcb4 Ra3 36. Bb6 Be5 37. Bg2 Qc2 38. Rf1 Qd2 39. Rc4 Ra2 40. Kh2 g5 41. hxg5
h4 42. Be3 Qe2 43. Rcc1 hxg3+ 44. Kg1 gxf2+ 45. Bxf2 Qh5 46. Rfe1 Qh2+ 47. Kf1
Qf4 48. Re2 Qxc1+ 49. Be1 Qf4+ 50. Bf2 Ra1+ 51. Re1 Bd4 52. Rxa1 Qxf2# 0-1

[Event "World Youth U16 Olympiad"]
[Site "Gyor HUN"]
[Date "2014.12.18"]
[Round "6.19"]
[Board "4"]
[White "Nadzamova, Sofia"]
[Black "Vrtiakova, Anna"]
[Result "0-1"]
[WhiteElo "1734"]
[BlackElo "1866"]
[WhiteTeam "Slovakia East"]
[BlackTeam "Slovakia West"]
[WhiteFideId "14928450"]
[BlackFideId "14927870"]
[EventDate "2014.12.13"]

1. e4 e5 2. Nf3 Nc6 3. Bc4 Nf6 4. d3 Bc5 5. c3 a6 6. b4 Ba7 7. a4 d6 8. Qb3 O-O
9. O-O Qe7 10. h3 Be6 11. Re1 h6 12. Nbd2 Nh5 13. Nf1 Qf6 14. Bxe6 fxe6 15. Be3
Bxe3 16. Rxe3 Nf4 17. Ng3 Kh7 18. Kh2 d5 19. exd5 exd5 20. Rae1 d4 21. cxd4 exd4
22. Re4 Nxg2 23. Rg1 Qxf3 24. Rxg2 Rae8 25. Qb1 Rxe4 26. Nxe4 Ne5 27. Qg1 Rf7
28. Qb1 Qxd3 29. Qxd3 Nxd3 30. Nc5 Nxc5 31. bxc5 d3 32. Kg3 Rf5 33. Rh2 Rxc5 34.
Rh1 Rc3 35. Rd1 c5 0-1

[Event "World Youth U16 Olympiad"]
[Site "Gyor HUN"]
[Date "2014.12.18"]
[Round "6.20"]
[Board "1"]
[White "Lee, Jun Hyeok"]
[Black "Egri, Laszlo Jr."]
[Result "1/2-1/2"]
[WhiteTitle "FM"]
[WhiteElo "2022"]
[BlackElo "2118"]
[WhiteTeam "South Korea 1"]
[BlackTeam "Transdanubium West 2"]
[WhiteFideId "13202340"]
[BlackFideId "703397"]
[EventDate "2014.12.13"]

1. d4 Nf6 2. c4 c5 3. d5 e6 4. Nc3 exd5 5. cxd5 d6 6. Nf3 g6 7. Bf4 a6 8. e4 b5
9. Qe2 Nh5 10. Bg5 Be7 11. Bh6 b4 12. Nd1 Bg4 13. Ne3 Bxf3 14. Qxf3 Nd7 15. g4
Nhf6 16. Qe2 Qc7 17. Bg2 Bf8 18. Bxf8 Kxf8 19. f4 Re8 20. Qc2 Nb6 21. O-O Nxe4
22. Bxe4 Qe7 23. Nc4 Nxc4 24. Rae1 f5 25. Bxf5 Ne3 26. Qc1 gxf5 27. Rf3 Qg7 28.
Rfxe3 Qd4 29. Kg2 Qxd5+ 30. Kg3 Kf7 31. Qc2 Rxe3+ 32. Rxe3 Re8 33. Rxe8 Kxe8 34.
Qa4+ Ke7 35. Qxa6 fxg4 36. Qe2+ Kf6 37. Qxg4 Qxa2 38. Qg5+ Kf7 39. Qf5+ Kg7 40.
Qg5+ Kf7 41. Qf5+ Kg7 42. Qg5+ 1/2-1/2

[Event "World Youth U16 Olympiad"]
[Site "Gyor HUN"]
[Date "2014.12.18"]
[Round "6.20"]
[Board "2"]
[White "Czupor, Attila"]
[Black "Kwon, Sehyun"]
[Result "1/2-1/2"]
[WhiteElo "2107"]
[BlackElo "1947"]
[WhiteTeam "Transdanubium West 2"]
[BlackTeam "South Korea 1"]
[WhiteFideId "752495"]
[BlackFideId "13203088"]
[EventDate "2014.12.13"]

1. e4 c5 2. Nf3 g6 3. d4 cxd4 4. Nxd4 Bg7 5. Nc3 Nc6 6. Be3 Nf6 7. f3 O-O 8. Qd2
d5 9. Nxc6 bxc6 10. e5 Ne8 11. f4 f6 12. exf6 Nxf6 13. Be2 Qa5 14. O-O Kh8 15.
a3 Bg4 16. b4 Qc7 17. Bd4 Bxe2 18. Qxe2 Nh5 19. Bxg7+ Nxg7 20. g3 a5 21. Kh1
axb4 22. axb4 Rxa1 23. Rxa1 Qb7 24. Ra4 Re8 25. Qe3 Kg8 26. Qa7 Qc8 27. Qe3 Nf5
28. Qe5 Nd6 29. Qe2 Qd7 30. Ra6 Nc4 31. Na4 e5 32. Nc5 Qf7 33. Rxc6 exf4 34. Re6
Rxe6 35. Qxe6 Qxe6 36. Nxe6 fxg3 37. Nf4 Nb6 38. hxg3 Kf7 39. Kg2 Kf6 40. Kf3
Ke5 41. Ne2 Nc4 42. c3 Na3 43. Ke3 Nc4+ 44. Kd3 Nb2+ 45. Ke3 Nc4+ 46. Kd3 Nb2+
47. Kc2 Nc4 48. Kd3 1/2-1/2

[Event "World Youth U16 Olympiad"]
[Site "Gyor HUN"]
[Date "2014.12.18"]
[Round "6.20"]
[Board "3"]
[White "Nam, Ju Won"]
[Black "Szukics, Adam"]
[Result "0-1"]
[WhiteElo "1435"]
[BlackElo "2000"]
[WhiteTeam "South Korea 1"]
[BlackTeam "Transdanubium West 2"]
[WhiteFideId "13203240"]
[BlackFideId "751871"]
[EventDate "2014.12.13"]

1. e4 e5 2. Nf3 Nc6 3. Nc3 g6 4. d4 exd4 5. Nxd4 Bg7 6. Nxc6 bxc6 7. Bd3 Ne7 8.
O-O O-O 9. Bf4 d5 10. exd5 Nxd5 11. Nxd5 cxd5 12. Rb1 c5 13. b3 Be6 14. Qe2 Qa5
15. a4 a6 16. Be5 Rfe8 17. Bxg7 Kxg7 18. Rfe1 Bd7 19. Qd1 Bc6 20. h3 Bb7 21. Re2
Qc7 22. Qd2 Re6 23. Rbe1 Rae8 24. Rxe6 Rxe6 25. Rxe6 fxe6 26. Qe2 Qd6 27. Qe3 e5
28. Qg3 Qe7 29. f3 Bc8 30. Kf2 c4 31. bxc4 dxc4 32. Be4 Qc5+ 33. Ke2 Bd7 34. Bb7
Bxa4 35. Bxa6 Bxc2 36. Qg4 Bd3+ 37. Kd1 Qg1+ 38. Kd2 Qf2+ 39. Kc3 Qe1+ 40. Kb2
Qb4+ 41. Kc1 Qb1+ 0-1

[Event "World Youth U16 Olympiad"]
[Site "Gyor HUN"]
[Date "2014.12.18"]
[Round "6.20"]
[Board "4"]
[White "Szakasics, Emese"]
[Black "Choi, Hyunhyo"]
[Result "1/2-1/2"]
[WhiteElo "1670"]
[BlackElo "1399"]
[WhiteTeam "Transdanubium West 2"]
[BlackTeam "South Korea 1"]
[WhiteFideId "758876"]
[BlackFideId "13203185"]
[EventDate "2014.12.13"]

1. e4 e5 2. Nf3 Nc6 3. Bc4 Nf6 4. d3 Bc5 5. c3 a5 6. a4 O-O 7. Nbd2 h6 8. O-O d6
9. h3 Be6 10. Re1 d5 11. exd5 Nxd5 12. Nxe5 Nxe5 13. Rxe5 c6 14. d4 Bd6 15. Re1
Re8 16. Ne4 Nxc3 17. bxc3 Bxc4 18. Nxd6 Qxd6 19. Ba3 Qd7 20. Qc2 b5 21. Bc5 Qd5
22. Rxe8+ Rxe8 23. axb5 Bxb5 24. Rxa5 Qe4 25. Qa2 Qe1+ 26. Kh2 Qxc3 27. Ra3 Qc4
28. Qa1 Qe2 29. Ra2 Qc4 30. Qb2 Qd5 1/2-1/2

[Event "World Youth U16 Olympiad"]
[Site "Gyor HUN"]
[Date "2014.12.18"]
[Round "6.21"]
[Board "1"]
[White "Abdulla, Murad"]
[Black "Mesaros, Florian"]
[Result "1/2-1/2"]
[WhiteElo "1958"]
[BlackElo "2370"]
[WhiteTeam "Scotland"]
[BlackTeam "Austria"]
[WhiteFideId "2403757"]
[BlackFideId "1629220"]
[EventDate "2014.12.13"]

1. d4 Nf6 2. c4 e6 3. Nc3 Bb4 4. Qc2 b6 5. Bg5 h6 6. Bh4 Bb7 7. f3 c5 8. a3
Bxc3+ 9. Qxc3 Nc6 10. dxc5 bxc5 11. Bf2 Qe7 12. Rd1 O-O 13. e4 e5 14. Bd3 Ne8
15. Ne2 Nc7 16. Ng3 g6 17. O-O Ne6 18. Ne2 a5 19. Bc2 Ncd4 20. Bxd4 cxd4 21. Qd2
g5 22. Ng3 Ng7 23. Ba4 Rfc8 24. Rc1 Bc6 25. Bxc6 Rxc6 26. b4 d6 27. b5 Rc5 28.
Rc2 Qc7 29. Rfc1 Kh7 30. Qd3 Rc8 31. Nf1 Ne6 32. g3 Qb6 33. Nd2 R5c7 34. Rb2 Nc5
35. Qf1 Na4 36. Rb3 Nc3 37. Qd3 Qc5 38. Kg2 a4 39. Rbxc3 dxc3 40. Rxc3 Rb8 41.
Nb1 Kg7 42. g4 Kf6 43. Qc2 Qa7 44. Nd2 Ke7 45. Nf1 Rc5 46. Ne3 Ke6 47. Nd5 Qa5
48. h3 Kd7 49. Nf6+ Ke7 50. Nd5+ Kf8 51. Kh2 Kg7 52. Kg2 Qa7 53. Qd3 Rd8 54. Nb4
Qd7 55. Na6 Rcc8 56. Nb4 Qb7 57. Nd5 Rc5 58. Qc2 Qa7 59. Qd3 Kg6 60. Nb4 Qd7 61.
Na6 Rcc8 62. Nb4 Qe6 63. Nd5 h5 64. Nb6 Rb8 65. Nd5 Rb7 66. Nb4 hxg4 67. fxg4
Rh8 68. Nd5 f6 69. Qe2 Rc8 70. Qd3 Rh7 71. Qe2 Rc5 72. Rf3 Rf7 73. Rc3 Qd7 74.
Qd3 Rf8 75. Qf3 Kg7 76. Qd3 Qf7 77. Ne3 Rd8 78. Nf5+ Kg6 79. Ne3 Rdc8 80. Nd5
Qb7 81. Ne3 Qc7 82. Nd5 Qd8 83. Ne3 R8c7 84. Nd5 Rb7 85. Qf3 Kg7 86. Qd3 Qc8 87.
Qc2 Qa8 88. Qd3 Qg8 89. Ne3 Rd7 90. Nf5+ Kh8 91. Ne3 Rd8 92. Nd5 Qg6 93. Ne7 Qf7
94. Nd5 Rdc8 95. Nb6 1/2-1/2

[Event "World Youth U16 Olympiad"]
[Site "Gyor HUN"]
[Date "2014.12.18"]
[Round "6.21"]
[Board "2"]
[White "Kiss, Balint"]
[Black "Koehn, Lennart"]
[Result "1/2-1/2"]
[WhiteElo "2090"]
[BlackElo "1846"]
[WhiteTeam "Austria"]
[BlackTeam "Scotland"]
[WhiteFideId "743763"]
[BlackFideId "12938041"]
[EventDate "2014.12.13"]

1. e4 c5 2. Nf3 e6 3. d4 cxd4 4. Nxd4 a6 5. Bd3 Qc7 6. O-O Nf6 7. Qe2 Nc6 8.
Nxc6 dxc6 9. e5 Nd7 10. f4 Nc5 11. Nc3 b5 12. a4 b4 13. Ne4 Nxe4 14. Bxe4 Be7
15. Be3 Bb7 16. Rad1 O-O 17. Qh5 g6 18. Qf3 Rad8 19. Rd3 Rd7 20. Qf2 c5 21. Bxb7
Qxb7 22. Rfd1 Rxd3 23. Rxd3 Qc6 24. Rd1 c4 25. a5 Rd8 26. Rxd8+ Bxd8 27. Bb6 Be7
28. Qd4 b3 29. c3 Qa4 30. Qd2 Qc6 31. Qd4 1/2-1/2

[Event "World Youth U16 Olympiad"]
[Site "Gyor HUN"]
[Date "2014.12.18"]
[Round "6.21"]
[Board "4"]
[White "Mayrhuber, Nikola"]
[Black "Milton, Anna"]
[Result "1/2-1/2"]
[WhiteElo "1765"]
[BlackElo "1547"]
[WhiteTeam "Austria"]
[BlackTeam "Scotland"]
[WhiteFideId "1637819"]
[BlackFideId "2404419"]
[EventDate "2014.12.13"]

1. d4 d5 2. Nf3 e6 3. c4 c5 4. cxd5 exd5 5. g3 Nc6 6. Bg2 Nf6 7. O-O Be7 8. Nc3
O-O 9. Bg5 c4 10. Ne5 Be6 11. b3 Qa5 12. Nxc6 bxc6 13. Qd2 Bb4 14. Bxf6 gxf6 15.
Rfc1 Bf5 16. a3 Bxc3 17. Qxc3 Qxc3 18. Rxc3 cxb3 19. Rxb3 Rfe8 20. Re1 Kg7 21.
Rc3 Rac8 22. f3 Bd7 23. Kf2 Rb8 24. Rc5 Rb3 25. Ra5 Rb7 26. Rc1 f5 27. f4 Re7
28. Bf1 Be8 29. Rc2 Rb3 30. Ra6 Rb6 31. Ra5 Rb3 32. Bh3 Kg6 33. Bg2 Kg7 34. Bf3
Ree3 35. Ra2 Re7 36. Bg2 Kf6 37. Bf1 Kg7 38. Rd2 Kf6 39. Rd3 Rxd3 40. exd3 Kg6
41. Be2 Rc7 42. Bd1 Rb7 43. Kf3 h5 44. Ra6 f6 45. Ba4 Rc7 46. Ra5 Bd7 47. Rc5
Kf7 48. Bb3 Rc8 49. Kg2 Kg7 50. Bd1 Kh6 51. Kh3 Be8 52. Bf3 Bf7 53. Bd1 Be8 54.
Ba4 Bd7 55. Kg2 Kg6 56. Kf3 Kf7 57. Rc3 Rc7 58. Ke3 Ke7 59. Bd1 Be8 60. Rb3 Kd6
61. Rb8 Re7+ 62. Kd2 Ke6 63. Kc3 Kd6 64. Rb2 Rh7 65. Rb8 Re7 66. Kd2 1/2-1/2

[Event "World Youth U16 Olympiad"]
[Site "Gyor HUN"]
[Date "2014.12.18"]
[Round "6.22"]
[Board "1"]
[White "Naotunna, Dineth Nimnaka"]
[Black "Rebaz, Nasir Jamal"]
[Result "1/2-1/2"]
[WhiteElo "1947"]
[BlackElo "1719"]
[WhiteTeam "Sri Lanka"]
[BlackTeam "Iraq"]
[WhiteFideId "9919228"]
[BlackFideId "4808649"]
[EventDate "2014.12.13"]

1. d4 c5 2. d5 e6 3. c4 exd5 4. cxd5 d6 5. Nc3 Nf6 6. Nf3 g6 7. Nd2 a6 8. a4 Bg7
9. Nc4 O-O 10. Bf4 Ne8 11. Ne4 f5 12. Nexd6 Bxb2 13. Nxb2 Nxd6 14. Bxd6 Qxd6 15.
Nc4 Qf6 16. Rc1 b5 17. Nd2 c4 18. e3 Bb7 19. Rb1 Bxd5 20. axb5 axb5 21. Rxb5 Ra1
22. Rb1 Rxb1 23. Nxb1 Rd8 24. Qc2 Qc6 25. Be2 Rc8 26. O-O Bxg2 27. Qxc4+ Qxc4
28. Bxc4+ Rxc4 29. Kxg2 Nc6 30. Nd2 Rc2 31. Nf3 Na5 32. Ra1 Nc4 33. Kg3 Nd2 34.
Nxd2 Rxd2 35. Ra7 h6 36. h4 Rd1 37. h5 g5 38. Ra5 Rh1 39. Rxf5 Rxh5 40. Ra5 Rh1
41. Kg4 Rc1 42. Kf5 Rc6 43. e4 Rc2 44. f3 Rc3 45. Kg4 Kg7 46. Ra7+ Kf6 47. Ra6+
Kg7 48. f4 gxf4 49. Kxf4 Kf7 50. Rxh6 Rc1 51. Kf5 Rf1+ 52. Ke5 Re1 53. Rh7+ Ke8
54. Kd5 Re2 55. e5 Ra2 56. Ke6 Ra6+ 57. Kf5 Ra1 58. Kf6 Re1 59. Ke6 Kd8 60. Rh8+
Kc7 61. Rh2 Kd8 62. Rd2+ Ke8 63. Ra2 Kf8 64. Ra8+ Kg7 65. Kd6 Kf7 66. Ra7+ Ke8
67. Ke6 Kf8 68. Ra2 Re3 69. Rf2+ Ke8 70. Rd2 Re1 71. Kd6 Kf7 72. Rf2+ Ke8 73.
Rf6 Re2 74. Re6+ Kd8 75. Re7 Rd2+ 76. Ke6 Re2 77. Ra7 Re1 78. Rd7+ Ke8 79. Rd4
Re2 80. Rd1 Re3 81. Ra1 Kf8 82. Ra8+ Kg7 83. Ra4 Kf8 1/2-1/2

[Event "World Youth U16 Olympiad"]
[Site "Gyor HUN"]
[Date "2014.12.18"]
[Round "6.22"]
[Board "2"]
[White "Rabeea, Sabah Nori"]
[Black "Kuruppu, Supun Dasantha"]
[Result "0-1"]
[WhiteTitle "FM"]
[BlackTitle "CM"]
[WhiteElo "1944"]
[BlackElo "1896"]
[WhiteTeam "Iraq"]
[BlackTeam "Sri Lanka"]
[WhiteFideId "4806212"]
[BlackFideId "9902805"]
[EventDate "2014.12.13"]

1. d4 Nf6 2. c4 g6 3. Nc3 Bg7 4. e4 d6 5. Bd3 O-O 6. Nge2 e5 7. d5 Na6 8. f3 Nc5
9. Bc2 a5 10. Be3 Ne8 11. O-O f5 12. Na4 Nxa4 13. Bxa4 f4 14. Bf2 g5 15. c5 h5
16. cxd6 Nxd6 17. Bc5 g4 18. Nc3 Rf7 19. Kh1 Bf8 20. Qe2 Rg7 21. Rg1 g3 22. h3
Qh4 23. Qf1 Nf7 24. Bxf8 Kxf8 25. Qb5 Bxh3 26. Qc5+ Kg8 27. Rgc1 Bxg2+ 28. Kxg2
Qh2+ 29. Kf1 g2+ 30. Ke2 g1=Q+ 0-1

[Event "World Youth U16 Olympiad"]
[Site "Gyor HUN"]
[Date "2014.12.18"]
[Round "6.22"]
[Board "3"]
[White "Herath, N N B"]
[Black "Noori, Sabah Nori"]
[Result "1-0"]
[WhiteElo "1743"]
[BlackElo "1891"]
[WhiteTeam "Sri Lanka"]
[BlackTeam "Iraq"]
[WhiteFideId "9914030"]
[BlackFideId "4806620"]
[EventDate "2014.12.13"]

1. Nf3 d5 2. b3 c6 3. Bb2 Nf6 4. e3 Bf5 5. d4 e6 6. Nbd2 Bd6 7. Bd3 Bg6 8. O-O
O-O 9. Ne5 Qc7 10. f4 Nbd7 11. Nxg6 hxg6 12. Nf3 Ng4 13. Qe1 Ndf6 14. Ne5 c5 15.
Rf3 cxd4 16. exd4 Nh6 17. h3 Qb6 18. g4 Bxe5 19. fxe5 Nd7 20. Qf2 Rac8 21. Rf1
Qb4 22. Bc1 Qe7 23. Be3 a6 24. Qd2 Kh7 25. Bg5 Qe8 26. Qf2 Kg8 27. Qh4 Kh7 28.
Bxh6 gxh6 29. g5 Qe7 30. Qxh6+ Kg8 31. Rf4 1-0

[Event "World Youth U16 Olympiad"]
[Site "Gyor HUN"]
[Date "2014.12.18"]
[Round "6.22"]
[Board "4"]
[White "Ameer, Dhafer Abdulameer"]
[Black "Mendis, Dasuni Hansika"]
[Result "0-1"]
[WhiteTitle "CM"]
[WhiteElo "1469"]
[BlackElo "1688"]
[WhiteTeam "Iraq"]
[BlackTeam "Sri Lanka"]
[WhiteFideId "4807537"]
[BlackFideId "9907696"]
[EventDate "2014.12.13"]

1. e4 e5 2. Nf3 Nc6 3. Bb5 a6 4. Ba4 Nf6 5. O-O b5 6. Bb3 Be7 7. Re1 O-O 8. c3
d5 9. exd5 Nxd5 10. Nxe5 Nxe5 11. Rxe5 c6 12. d4 Bd6 13. Re1 Qh4 14. h3 Bxh3 15.
gxh3 Qxh3 16. Bxd5 Bh2+ 17. Kh1 Bg3+ 0-1

[Event "World Youth U16 Olympiad"]
[Site "Gyor HUN"]
[Date "2014.12.18"]
[Round "6.23"]
[Board "1"]
[White "Egyed, Viktoria"]
[Black "Oltman, Kayla"]
[Result "1-0"]
[WhiteElo "1990"]
[BlackElo "1529"]
[WhiteTeam "Hungary (Girls)"]
[BlackTeam "South Africa (Girls)"]
[WhiteFideId "741450"]
[BlackFideId "14318490"]
[EventDate "2014.12.13"]

1. e4 c6 2. d4 d5 3. Nd2 dxe4 4. Nxe4 e6 5. Nf3 Nd7 6. c3 Ngf6 7. Nxf6+ Nxf6 8.
Ne5 Bd6 9. Bf4 Nd5 10. Bg3 Bxe5 11. Bxe5 Nf6 12. Bd3 b6 13. Qf3 Bb7 14. Qg3 O-O
15. O-O Rc8 16. Rad1 Kh8 17. Rfe1 h6 18. Re4 c5 19. Rh4 Ne8 20. Rxh6+ Kg8 21.
Rh8+ Kxh8 22. Qh3+ Kg8 23. Qh7# 1-0

[Event "World Youth U16 Olympiad"]
[Site "Gyor HUN"]
[Date "2014.12.18"]
[Round "6.23"]
[Board "2"]
[White "Kolver, Michelle"]
[Black "Simon, Lili"]
[Result "1/2-1/2"]
[WhiteElo "1584"]
[BlackElo "1901"]
[WhiteTeam "South Africa (Girls)"]
[BlackTeam "Hungary (Girls)"]
[WhiteFideId "14307839"]
[BlackFideId "712159"]
[EventDate "2014.12.13"]

1. d4 d5 2. Nf3 Nf6 3. Bg5 Ne4 4. Bh4 c5 5. e3 Qb6 6. Qc1 g6 7. c3 Bg7 8. Bd3
Nd6 9. Nbd2 cxd4 10. exd4 Nc6 11. O-O O-O 12. Re1 Bf5 13. Bf1 Rfe8 14. Bg3 Ne4
15. Bf4 Rac8 16. Nb3 a5 17. Be3 Nf6 18. h3 Nb4 19. g4 Be4 20. Nfd2 Nd3 21. Bxd3
Bxd3 22. Nf3 Bb5 23. Ne5 Nd7 24. f4 f6 25. Nf3 Qc7 26. Qd2 Bc4 27. Nc1 e5 28.
dxe5 fxe5 29. b3 d4 30. cxd4 exd4 31. Bxd4 Rxe1+ 32. Nxe1 Qd6 33. Nf3 Ba6 34. a3 1/2-1/2

[Event "World Youth U16 Olympiad"]
[Site "Gyor HUN"]
[Date "2014.12.18"]
[Round "6.23"]
[Board "3"]
[White "Egyed, Judit"]
[Black "Samons, Marcelle"]
[Result "1-0"]
[WhiteElo "1914"]
[BlackElo "1539"]
[WhiteTeam "Hungary (Girls)"]
[BlackTeam "South Africa (Girls)"]
[WhiteFideId "703664"]
[BlackFideId "14318016"]
[EventDate "2014.12.13"]

1. e4 e6 2. d3 d5 3. Nd2 c6 4. Ngf3 Bc5 5. g3 Ne7 6. Bg2 Nd7 7. O-O O-O 8. Re1
Nf6 9. e5 Nd7 10. h4 Nf5 11. Nb3 Bb6 12. d4 c5 13. c3 h6 14. Bh3 c4 15. Nbd2 Bc7
16. Nf1 f6 17. Bxf5 exf5 18. e6 Ne5 19. dxe5 Bxe6 20. Nd4 Re8 21. exf6 Qxf6 22.
Nxe6 Rxe6 23. Qxd5 Re8 24. Qxc4 Bb6 25. Rxe6 Rxe6 26. Be3 Bxe3 27. Nxe3 Qf7 28.
Rd1 Kh7 29. Qd5 f4 30. Qf5+ Qg6 31. Qxg6+ Rxg6 32. Nf5 fxg3 33. fxg3 Rb6 34. b3
Kg6 35. g4 h5 36. Rd6+ Rxd6 37. Nxd6 hxg4 38. Nxb7 Kf6 39. c4 Ke5 40. b4 Ke6 41.
c5 a6 42. a4 Kd5 43. b5 axb5 44. axb5 Ke6 45. c6 Ke7 46. c7 Kd7 47. b6 g6 48.
Nd6 1-0

[Event "World Youth U16 Olympiad"]
[Site "Gyor HUN"]
[Date "2014.12.18"]
[Round "6.23"]
[Board "4"]
[White "De, Bruyn Aleida"]
[Black "Kovacs, Judit"]
[Result "1/2-1/2"]
[WhiteTitle "WFM"]
[WhiteElo "1607"]
[BlackElo "1849"]
[WhiteTeam "South Africa (Girls)"]
[BlackTeam "Hungary (Girls)"]
[WhiteFideId "14304546"]
[BlackFideId "769215"]
[EventDate "2014.12.13"]

1. c4 Nf6 2. g3 e6 3. Bg2 Be7 4. Nf3 O-O 5. O-O d5 6. d4 c6 7. Qc2 Nbd7 8. Nbd2
Re8 9. b3 Bd6 10. Bb2 e5 11. dxe5 Nxe5 12. Nxe5 Bxe5 13. Bxe5 Rxe5 14. Nf3 Re8
15. Rfd1 Qe7 16. e3 dxc4 17. Qxc4 Bg4 18. h3 Bxf3 19. Bxf3 Nd7 20. Bg2 Ne5 21.
Qe2 a5 22. Rd4 Qa3 23. Qc2 Qe7 24. Rad1 Rec8 25. f4 Ng6 26. e4 Nf8 27. Kh2 c5
28. Rd5 b5 29. Bf1 Rab8 30. Re5 Qa7 31. Qf2 Ne6 32. Red5 Nd4 33. Bg2 Rd8 34.
Rxd8+ Rxd8 35. Rc1 a4 36. bxa4 bxa4 37. Rb1 h6 38. Qb2 a3 39. Qf2 Rb8 40. Rxb8+
Qxb8 41. Bf1 Qb4 42. e5 Nb5 43. Bxb5 Qxb5 44. Kg1 c4 45. Qe2 Qb1+ 46. Kf2 c3 47.
Qc4 Qb2+ 48. Kf3 1/2-1/2

[Event "World Youth U16 Olympiad"]
[Site "Gyor HUN"]
[Date "2014.12.18"]
[Round "6.24"]
[Board "1"]
[White "Koo, Inmo"]
[Black "Conradie, Andre"]
[Result "0-1"]
[WhiteElo "1846"]
[BlackElo "1760"]
[WhiteTeam "South Korea 2"]
[BlackTeam "South Africa 2"]
[WhiteFideId "13202863"]
[BlackFideId "14304570"]
[EventDate "2014.12.13"]

1. e4 c6 2. d4 d5 3. exd5 cxd5 4. c4 Nf6 5. Nc3 Nc6 6. Nf3 Bg4 7. cxd5 Nxd5 8.
Qb3 Bxf3 9. gxf3 e6 10. Qxb7 Nxd4 11. Bb5+ Nxb5 12. Qc6+ Ke7 13. Qxb5 Nxc3 14.
bxc3 Qd7 15. Qb3 Qc6 16. Ke2 g6 17. Bg5+ f6 18. Be3 Kf7 19. Rab1 Be7 20. Bd4
Rhd8 21. Qb5 Qd6 22. h3 Rab8 23. Qa5 Rxb1 24. Rxb1 e5 25. Rd1 exd4 26. Rxd4 Qe5+
27. Qxe5 fxe5 28. Rxd8 Bxd8 29. Kd3 Ke6 0-1

[Event "World Youth U16 Olympiad"]
[Site "Gyor HUN"]
[Date "2014.12.18"]
[Round "6.24"]
[Board "2"]
[White "Kolver, Chris"]
[Black "Huh, Maximilian Romeo Eunhong"]
[Result "1-0"]
[WhiteElo "1806"]
[BlackElo "1231"]
[WhiteTeam "South Africa 2"]
[BlackTeam "South Korea 2"]
[WhiteFideId "14307820"]
[BlackFideId "13203193"]
[EventDate "2014.12.13"]

1. d4 d5 2. c4 c6 3. cxd5 cxd5 4. Bf4 Nc6 5. e3 a6 6. Bd3 Nf6 7. Nc3 Bd7 8. Rc1
e6 9. h3 Bb4 10. a3 Bxc3+ 11. Rxc3 O-O 12. Nf3 Ne4 13. Rc2 Qa5+ 14. Nd2 Nxd2 15.
Qxd2 Qxd2+ 16. Kxd2 Rfe8 17. Bg3 e5 18. dxe5 Nxe5 19. Bxe5 Rxe5 20. Rc5 Rc8 21.
Rhc1 Bc6 22. Bxa6 Re7 23. Bb5 Rec7 24. b4 Kf8 25. Bd3 b5 26. Bxb5 1-0